| 000 | 01358cam a22003012i 4500 | ||
|---|---|---|---|
| 003 | SA_RiAUC | ||
| 005 | 20250819042918.0 | ||
| 008 | 250818s2009____su h g f000 0 ara c | ||
| 040 |
_aSA-JeALM _bara _cSA-RiAUC _erda |
||
| 041 | 1 |
_aara _hund |
|
| 043 | _aa-su--- | ||
| 082 | 0 | 4 |
_a953.133 _qSA-RiAUC |
| 090 |
_a953.133 _bص ا ب |
||
| 100 | 1 |
_aصابان، سهيل محمد، _d1960- _eمؤلف. |
|
| 245 | 1 | 0 |
_aمن وثائق الأحساء في الأرشيف العثماني 1871-1913 م / _cإعداد وترجمة وتعليق سهيل صابان. |
| 246 | 3 | 0 | _aوثائق الأحساء في الأرشيف العثماني |
| 250 | _aالطبعة الأولى. | ||
| 264 | 1 |
_aالأحساء، السعودية : _bنادي الأحساء الأدبي، _c2009. |
|
| 300 |
_a248 صفحة : _bمثيليات ؛ _c25 سم |
||
| 336 |
_aنص _btxt _2rdacontent _3كتاب |
||
| 337 |
_aبدون وسيط _bn _2rdamedia |
||
| 338 |
_aمجلد _bnc _2rdacarrier |
||
| 500 | _aإهداء من المؤلف سهيل صابان بتاريخ 1430/12/6 هـ | ||
| 651 | 7 |
_aالأحساء (السعودية) _xتاريخ _yالحكم العثماني، 922-1214 هجري. _2aucsh |
|
| 651 | 7 |
_aالسعودية _xتاريخ _yالحكم العثماني، 922-1214 هجري. _2aucsh |
|
| 942 |
_2ddc _cBOOK _n0 |
||
| 949 |
_aSA-JeALM _d250818 _umohamedma123 _n1 |
||
| 999 |
_c10948 _d10948 |
||